000 00575nam a2200229Ia 4500
003 OSt
005 20221005124140.0
006 a|||||r|||| 00| 0
007 ta
008 221004b |||||||| |||| 00| 0 tel d
024 _a60432
037 _cTextual
040 _aCRL
_cCRL
_btel
041 _2tel
_atel
082 _aO35,3N113,3, H8
100 _aSastry Gnapathi Au.
_9634765
245 0 _aMeenambika
260 _c1948
650 _aTELUGU FICTION
942 _hO35,3N113,3, H8
_cTEXL
_2cc
999 _c1049597
_d1049597